000 00690nam a22002057a 4500
999 _c180559
_d180559
005 20210811150817.0
010 _aENG-129730
020 _c1495.00
_a978-01-99488-39-1
035 _aEN-113262
037 _bDBAD/PUB
082 _a070.509542
100 _aNijhawan,Shobna
245 _aHindi Publishing in colonial Lucknow:
_cShobna,Nijhawan,
_bGender,Genre and visuaality in the creation of a literary 'canon'/
250 _a2018
260 _bOxford University press
_c2018
_aNew Delhi
270 _a2/11 Ground floor,Ansari Road,Daryaganj
_bNew Delhi
_e110002
300 _axi;240p.
_c28cm (hbk)
500 _aincluding index
942 _2ddc
_cEN
_h954.035092
_kNIJ